MARC

LEADER 00000nam0a2200000 4500
001 280531
005 20231101235320.0
020 |a RU  |b 86-54605 
035 |a (RuTPU)RU\TPU\book\303840 
090 |a 280531 
100 |a 20141230d1986 km y0rusy5003 ca 
101 0 |a rus 
102 |a UA 
105 |a a z 001zy 
200 1 |a Методы и средства обработки диагностической информации в реальном времени  |f В. А. Гуляев, В. М. Чаплыга, И. В. Кедровский  |g Академия наук Украинской ССР (АН УССР), Институт проблем моделирования в энергетике (ИПМЭ) 
210 |a Киев  |c Наукова думка  |d 1986 
215 |a 224 с.  |c ил. 
320 |a Библиогр.: с. 219-220 (38 назв.) 
606 1 |a Техническая диагностика  |x Автоматика  |2 stltpush  |3 (RuTPU)RU\TPU\subj\60044  |9 77534 
610 1 |a технические системы 
610 1 |a математические методы 
610 1 |a средства 
610 1 |a диагностическая информация 
610 1 |a обработка 
610 1 |a реальное время 
675 |a 681.518.54  |z rus  |v 4 
700 1 |a Гуляев  |b В. А.  |g Василий Анатольевич  |4 070 
701 1 |a Чаплыга  |b В. М.  |g Вячеслав Михайлович 
701 1 |a Кедровский  |b И. В.  |g Игорь Всеволодович 
712 0 2 |a Академия наук Украинской ССР (АН УССР)  |b Институт проблем моделирования в энергетике (ИПМЭ)  |c (Киев)  |2 stltpush  |3 (RuTPU)RU\TPU\col\7445 
801 0 |a RU  |b RuMRKP  |c 19950704  |g psbo 
801 1 |a RU  |b 63413507  |c 20141230 
801 2 |a RU  |b 63413507  |c 20180213  |g RCR 
942 |c BK